Firmy trápi nedostatok obalov

Výrobné, aj logistické firmy riešia nedostatok obalových materiálov a ich rastúcu cenu už niekoľko mesiacov. Situáciu môže zmeniť koniec pandémie a obnova zásobovacích reťazcov. Zatiaľ sa využívajú vnútorné zdroje a udržiavajú sa dobré vzťahy s dodávateľmi. Dodacie doby kartónov sa zoštvornásobili....

Description complète

Enregistré dans:
Détails bibliographiques
Auteur principal: Hubička, Filip
Format: Chapitre de livre
Langue:tchèque
Sujets:
Tags: Ajouter un tag
Pas de tags, Soyez le premier à ajouter un tag!

MARC

LEADER 00000naa a2200000 4500
001 0282008
005 20240417075154.0
041 0 |a cze 
044 |a CZ 
245 1 0 |a Firmy trápi nedostatok obalov  |c Filip Hubička 
520 |a Výrobné, aj logistické firmy riešia nedostatok obalových materiálov a ich rastúcu cenu už niekoľko mesiacov. Situáciu môže zmeniť koniec pandémie a obnova zásobovacích reťazcov. Zatiaľ sa využívajú vnútorné zdroje a udržiavajú sa dobré vzťahy s dodávateľmi. Dodacie doby kartónov sa zoštvornásobili. Nedostatok zvyšuje ceny a predlžuje dodanie. Situácia môže prieniesť pozitívne zmeny. Kombinácia problémov nenahráva rýchlemu riešeniu. 
610 2 0 |a firmy 
610 2 0 |a obaly 
610 2 0 |a logistika 
610 2 0 |a potreby 
610 2 0 |a čas 
610 2 0 |a dodávatelia 
610 2 0 |a dodávky 
610 2 0 |a problémy globálne 
610 2 0 |a pandémia 
100 1 |a Hubička, Filip